=LDR 00000nam 2200000 4500 =001 INLIS000000000809910 =005 20260413091127 =035 ##$$a 0010-0925000035 =008 260413###########################0#ind## =245 ##$$a Perjalanan Ruh Setelah Mati /$c Khalid bin Abdurrahaman Asy Syayi =260 ##$$a Jakarta : :$b Darul Haq =084 ##$$a 297.23 SYA p =020 ##$$a 9789791254595